Sleep Token - Granite (All lyrics) - Statistics

General Stats
  • This quiz has been taken 122 times
  • The average score is 271 of 340
Answer Stats
Lyrics % Correct
I
100%
i
100%
in
100%
my
100%
You
100%
you
100%
a
99%
your
99%
on
97%
to
97%
chest
96%
Granite
96%
it
94%
never
93%
Never
93%
about
91%
breath
91%
talk
90%
we
90%
me
88%
me,
88%
Sulfur
88%
have
87%
was
87%
will
87%
an
85%
So
85%
the
85%
then
85%
more
84%
seat
84%
somebody
84%
than
84%
And
82%
and
82%
just
82%
meet
82%
want
82%
be
81%
body
81%
But
81%
but
81%
destined
81%
passenger
81%
were
81%
when
81%
When
81%
am
79%
go
79%
at
78%
Reason
78%
reason
78%
wanna
78%
Fury
73%
here
73%
what
73%
you're
73%
know
72%
like
72%
looking
72%
only
72%
acting
70%
Acting
70%
ever
70%
see
70%
damn
66%
get
66%
half-blind
66%
glass
64%
late
64%
smoke
64%
You'll
64%
you'll
64%
death
63%
need
63%
say
63%
secondhand
63%
street
63%
won't
63%
below
61%
feet
61%
I'm
61%
keep
61%
leave
61%
not
61%
Between
60%
eye
60%
if
60%
six
60%
both
58%
lonely
58%
rather
58%
think
58%
threats,
58%
under
58%
brought
57%
it's
57%
mind
57%
or
57%
told
57%
drink
55%
forever
55%
gave
55%
had
55%
holy
55%
nothing
55%
problem,
55%
road,
55%
water
55%
all
54%
Before
54%
dislocates
54%
getting
54%
should've
54%
door
52%
started
52%
there
52%
sit
51%
whatsoever
51%
We'd
40%
parting
39%
controling
36%
aggresive
28%
Well,
22%
No matching quizzes found
Score Distribution
Percent of People with Each Score
Percentile by Number Answered
Your Score History
You have not taken this quiz